LEADER 01018nam 2200361 450 001 9910150524103321 005 20230808200329.0 010 $a0-7509-6851-6 035 $a(CKB)3710000000943947 035 $a(MiAaPQ)EBC4781478 035 $a(EXLCZ)993710000000943947 100 $a20170202h20162016 uy 0 101 0 $aeng 135 $aurcnu|||||||| 181 $2rdacontent 182 $2rdamedia 183 $2rdacarrier 200 10$aNever mind the sky blues $ethe ultimate coventry city : quizbook /$fMichael Keane 210 1$aGloucestershire, [England] :$cThe History Press,$d2016. 210 4$dİ2016 215 $a1 online resource (117 pages) 311 $a0-7509-6020-5 606 $aCuriosities and wonders 615 0$aCuriosities and wonders. 676 $a031.02 700 $aKeane$b Michael$041730 801 0$bMiAaPQ 801 1$bMiAaPQ 801 2$bMiAaPQ 906 $aBOOK 912 $a9910150524103321 996 $aNever mind the sky blues$93417006 997 $aUNINA